000 00666nam a2200253 a 4500
001 nice12345678
003 IN_TiNIC
005 20260116012200.0
008 050524s1939 qada grp 000 0 urd
020 _a
_c100
082 0 0 _a294.5563
_bIBA
100 _aIbadullah, Giyani
245 _aArya Samaj.
260 _aQadian
_bTaraqi Islam
_c1939
300 _a42p
500 _aincludes index and biblioraphy
505 2 _aalso contains nishan-e-asmani, asmani faisla siraj-e-munir and risala tuhfa-e-baghdad.
650 _aArya Samaj
650 _aHinduism-History
700 1 _aIbadullah, Giyani
902 _bSRS
942 _cBK
999 _c5972
_d5972